Prowincje i terytoria Kanady graniczące ze Stanami Zjednoczonymi - Statystyki

Ogólne statystyki
  • Ten quiz został rozwiązany 35 razy
  • Średni wynik to 7 z 8
Statystyki odpowiedzi
Odpowiedź % Poprawnych
5. Ontario
97%
7. Quebec
97%
1. Alberta
94%
3. Kolumbia Brytyjska
84%
2. Jukon
71%
4. Manitoba
71%
6. Nowy Brunszwik
71%
8. Saskatchewan
68%
Nie znaleziono quizów pasujących do podanych kryteriów
Rozkład punktacji
Procent ludzi z każdym wynikiem
Percentyl według liczby udzielonych odpowiedzi
Twoja historia wyników
Nie rozwiązałeś tego quizu